• 首页
  • 本馆介绍
  • 公告通知
  • 最新文献
  • 馆藏检索
  • 电子资源
  • 读者导购
  • 参考咨询
  • 我的图书馆
  • 登录
  • 详细信息显示
  • 放入我的书架
  • 预约/预借图书
  • 作者相关作品
  • 分类相关作品
  • 丛书相关作品
  • 出版社相关作品

书目信息

  • 表格格式
  • 工作单格式
  • 卡片格式
题名:
昆虫生态及预测预报
    
 
作者: 刘向东 主编
分册:  
出版信息: 北京   中国农业出版社  2019
页数: 387页
开本: 26cm
丛书名:
单 册:
中图分类: Q968.1 , S431
科图分类:
主题词: 昆虫学--动物生态学--高等学校--教材 , 虫害测报--高等学校--教材
电子资源:
ISBN: 978-7-109-21783-6
000 01060nam0 2200277 45
001 012001005261
005 20191213102256.09
010    @a978-7-109-21783-6@dCNY52.50
100    @a20181129d2016 em y0chiy50 ea
101 0  @achi
102    @aCN@b110000
105    @aa z 000yy
106    @ar
200 1  @a昆虫生态及预测预报@9kun chong sheng tai ji yu ce yu bao@f刘向东主编
205    @a4版
210    @a北京@c中国农业出版社@d2019
215    @a387页@c图@d26cm
300    @a普通高等教育农业部“十二五”规划教材 全国高等农林院校“十二五”规划教材 植物保护类专业系列教材
330    @a本书分上、下两篇,共10章。上篇为昆虫生态学部分,共7章,分别介绍昆虫个体、种群、群落等内容。下篇为害虫预测预报部分,共3章,分别介绍害虫预测预报原理、害虫预测预报的生物学方法和害虫预测预报的数理统计方法。
606 0  @a昆虫学@x动物生态学@x高等学校@j教材
606 0  @a虫害测报@x高等学校@j教材
690    @aQ968.1@v5
690    @aS431@v5
701  0 @a刘向东@9liu xiang dong@f(1970~)@4主编
801  0 @aCN@b江苏凤凰@c20191020
905    @b1207810-3@dQ968.1@e64=4@f4
    
    昆虫生态及预测预报/刘向东主编.-4版.-北京:中国农业出版社,2019
    387页:图;26cm
    普通高等教育农业部“十二五”规划教材 全国高等农林院校“十二五”规划教材 植物保护类专业系列教材
    
    ISBN 978-7-109-21783-6:CNY52.50
    本书分上、下两篇,共10章。上篇为昆虫生态学部分,共7章,分别介绍昆虫个体、种群、群落等内容。下篇为害虫预测预报部分,共3章,分别介绍害虫预测预报原理、害虫预测预报的生物学方法和害虫预测预报的数理统计方法。
●
相关链接 在E读中查询图书 在五车中查询图书 在当当中查询图书 在豆瓣中查询图书


正题名:昆虫生态及预测预报     索取号:Q968.1/64=4         预约/预借

序号 登录号 条形码 馆藏地/架位号 状态 备注
1 1207810   212078106   第二样本阅览室/ [索取号:Q968.1/64=4] 在馆    
2 1207811   212078115   第三借阅区/ [索取号:Q968.1/64=4] 在馆    
3 1207812   212078124   第三借阅区/ [索取号:Q968.1/64=4] 在馆    
4 1207813   212078133   第三借阅区/ [索取号:Q968.1/64=4] 在馆    
唐山师范学院图书馆 欢迎您!
大连网信软件有限公司© 版权所有